Codes postaux du Mexique - Statistiques

Statistiques générales
  • Ce quiz a été pris 5 fois
  • Le résultat moyen est 6 sur 32
Statistiques - réponses
Hint Réponse % Correct
01-16 Mexico
80%
20 Aguascalientes
20%
21-22 Baja California
20%
23 Baja California Sur
20%
24 Campeche
20%
29-30 Chiapas
20%
31-33 Chihuahua
20%
25-27 Coahuila
20%
28 Colima
20%
34-35 Durango
20%
44-49 Jalisco
20%
62 Morelos
20%
63 Nayarit
20%
64-67 Nuevo Leon
20%
68-71 Oaxaca
20%
72-75 Puebla
20%
76 Queretaro
20%
77 Quintana Roo
20%
78-79 San Luis Potosi
20%
80-82 Sinaloa
20%
83-85 Sonora
20%
86 Tabasco
20%
87-89 Tamaulipas
20%
90 Tlaxcala
20%
91-96 Veracruz
20%
97 Yucatan
20%
98-99 Zacatecas
20%
50-57 Etat de Mexico
0%
36-38 Guanajuato
0%
39-41 Guerrero
0%
42-43 Hidalgo
0%
58-61 Michoacan
0%
Aucun quiz correspondant
Distribution des résultats
% des personnes avec chaque résultat
Percentile par nombre de réponses
Votre historique - résultats
Vous n’avez pas pris ce quiz